01247 a2200205 4500003000500000005001700005040000900022082001900031100003400050245012600084250001100210260002900221300002400250505054100274600003400815650003400849942001200883999001900895952012700914Nust20221202182604.0 cNust a621.381528,AMO aAmos, Stanley William9104053 aPrinciples of transistor circuits;bintroduction to the design of amplifiers, receivers, and other circuits /cS. W. Amos a2nd ed aF. RiderbNew Yorkc1961 a210 pbillusc22 cm aSemiconductors And Junction Diodes (Page-1), Basic Principles Of Junction Transistors (Page-19), Common Base Amplifiers (Page-37), Common Emitter Amplifiers (Page-53), Common Collector Amplifiers (Page-67), Bias Stabilization (Page-78), Small Signal AF Amplifiers (Page-94), IF Amplifiers (Page-106), Pulse Amplifiers (Page-126), Large Signal AF Receivers (Page-136), Am And Fm Receivers (Page-150), Multivibrators (Page-171), Further Applications Of Junction Diodes And Transistors (Page-185), Further Semiconductor Devices (Page-198). aAmos, Stanley William9104053 aTelecommunication Engineering 2ddccBK c182367d182367 00102ddc4070aMCSbMCScGENd2016-12-12o621.381528,AMOpMCS7410r2016-12-08w2016-12-12yBKzAlmirah No.34, Shelf No.1